000 00437nam a2200145Ia 4500
008 100122s9999 xx 000 0 und d
082 _b20458
_a823
100 _aमित्तल महेंद्र
245 _aभिगी पलके
260 _bभारती साहित्य मंदीर
_c1968
300 _a148
630 _aभिगी पलके
730 _aभिगी पलके
942 _cBOOK
999 _c382876
_d382873